Asia : Countries + Capitals - Statistics

General Stats
  • This quiz has been taken 29 times
    19 since last reset
  • The average score is 79 of 98
Answers on the Map
Answers color-coded by a green-red scale on the quiz's map according to % correct below.
 
Answer Stats
Capital % Correct
Indonesia
100%
Kuwait
100%
Kuwait
100%
Malaysia
100%
Qatar
100%
Singapore
100%
Singapore
100%
United Arab Emirates
100%
Abu Dhabi
92%
Azerbaijan
92%
Bangladesh
92%
Bhutan
92%
Cambodia
92%
China
92%
Cyprus
92%
Georgia
92%
India
92%
Israel
92%
Japan
92%
Jordan
92%
Kazakhstan
92%
Kyrgyzstan
92%
Laos
92%
Maldives
92%
Mongolia
92%
Myanmar
92%
Nepal
92%
North Korea
92%
Oman
92%
Pakistan
92%
Philippines
92%
Saudi Arabia
92%
South Korea
92%
Sri Lanka
92%
Syria
92%
Taiwan
92%
Tajikistan
92%
Thailand
92%
Timor-Leste
92%
Turkey
92%
Turkmenistan
92%
Uzbekistan
92%
Vietnam
92%
Yemen
92%
Afghanistan
83%
Armenia
83%
Bahrain
83%
Baku
83%
Beijing
83%
Brunei
83%
Iran
83%
Iraq
83%
Jakarta
83%
Jerusalem
83%
Lebanon
83%
New Delhi
83%
Pyongyang
83%
Seoul
83%
Tokyo
83%
Ulaanbaatar
83%
Ankara
75%
Beirut
75%
Damascus
75%
Dhaka
75%
Doha
75%
Hanoi
75%
Islamabad
75%
Kuala Lumpur
75%
Riyadh
75%
Tbilisi
75%
Amman
67%
Astana
67%
Bandar Seri Begawan
67%
Bangkok
67%
Dili
67%
Kabul
67%
Kathmandu
67%
Male
67%
Manila
67%
Nicosia
67%
Phnom Penh
67%
Sana'a
67%
Taipei
67%
Tehran
67%
Thimphu
67%
Yerevan
67%
Ashgabat
58%
Baghdad
58%
Bishkek
58%
Dushanbe
58%
Manama
58%
Muscat
58%
Naypyidaw
58%
Sri Jayawardenepura Kotte
58%
Tashkent
58%
Vientiane
58%
Moscow
8%
Russia
8%
No matching quizzes found
Score Distribution
Percent of People with Each Score
Percentile by Number Answered
Your Score History
You have not taken this quiz since the last reset